Calidad educativa y justicia social
Guardat en:
| Autor principal: | |
|---|---|
| Format: | Llibre |
| Idioma: | anglès espanyol |
| Publicat: |
Madrid, España
PPC
2002
|
| Col·lecció: | Colección Educar
|
| Matèries: | |
| Etiquetes: |
Afegir etiqueta
Sense etiquetes, Sigues el primer a etiquetar aquest registre!
|
MARC
| LEADER | 00000nam a22000007a 4500 | ||
|---|---|---|---|
| 003 | CL-VaPUC | ||
| 005 | 20240102132942.0 | ||
| 008 | 200122b ||||| |||| 00| 0 eng d | ||
| 999 | |c 379581 |d 379579 | ||
| 020 | |a 842881760X | ||
| 040 | |c Pontificia Universidad Católica de Valparaíso | ||
| 041 | 0 | |a spa | |
| 082 | |a 370.114 DOM 2002 | ||
| 100 | 1 | |a Domingo Moratalla, Agustín |9 611763 | |
| 245 | 1 | 0 | |a Calidad educativa y justicia social |
| 260 | 3 | |a Madrid, España |b PPC |c 2002 | |
| 300 | |a 222 páginas | ||
| 490 | 0 | 0 | |a Colección Educar |
| 505 | 0 | |a 1. Cómo aplicar la calidad en política educativa. 2. La calidad educativa desde una ética de la justicia. 3. El horizonte educativo de la justicia social. 4. Una educación para la ciudadanía y la esperanza. 5. La aplicación de la ética en la modernización educativa. 6. La ética profesional como factor de calidad integral. | |
| 583 | |c 20200122 |k Daniel Castañeda | ||
| 650 | 0 | 0 | |a Educación moral |9 308319 |
| 650 | 0 | 0 | |a LIBERTAD RELIGIOSA |9 611764 |
| 650 | 0 | 0 | |a Educación religiosa |9 308312 |
| 942 | |2 ddc |c BK | ||
| 952 | |0 0 |1 0 |2 ddc |4 0 |6 370_114000000000000_DOM_2002 |7 0 |9 500165 |a BIBDER |b BIBDER |d 2020-01-22 |i 5615305 |o 370.114 DOM 2002 |p 5615305 |r 2023-01-25 |t 1 |w 2020-01-22 |y BK |k DER | ||